| 000 | 00891nam a2200241 a 4500 | ||
|---|---|---|---|
| 001 | 000002949 | ||
| 005 | 20200929150307.0 | ||
| 008 | 090706s2008 dr ac 000 0 spa d | ||
| 020 | _a9789945162516 | ||
| 040 |
_aDO-SdBNP _bspa _cBNPHU |
||
| 082 |
_a616.4 _bF363d |
||
| 100 | 1 |
_aFernández, Juan Luis _99372 |
|
| 245 | 1 | 0 |
_aDiabetes : _bguía médica y nutrición / _cJuan Luis Fernández. |
| 260 |
_aSantiago de los Caballeros, República Dominicana : _bInstituto de Nutrición y Diabetes, _c2008. |
||
| 300 |
_a239 p. : _bil., retrs ; _c23 cm. |
||
| 500 | _aIncluye referencias bibliográficas y notas al pie de las páginas. | ||
| 590 | _aInventariado, 2018/LP | ||
| 650 | 4 |
_aDiabetes _99373 |
|
| 650 | 4 |
_aDiabetes _xAspectos nutricionales _99374 |
|
| 650 | 4 |
_aDiabetes _xComplicaciones _99375 |
|
| 650 | 4 |
_aTrastornos del metabolismo _99376 |
|
| 910 | _aValidado. Control de calidad BNPHU | ||
| 999 |
_c2781 _d2781 |
||